header

Mathematics teacher education (Record no. 98491)

MARC details
000 -LEADER
fixed length control field 01498nam a2200373Ia 4500
082 04 - DEWEY DECIMAL CLASSIFICATION NUMBER
Classification number 510/.71
245 00 - TITLE STATEMENT
Title Mathematics teacher education
260 ## - PUBLICATION, DISTRIBUTION, ETC. (IMPRINT)
Place of publication London ;
-- Philadelphia :
Name of publisher Falmer Press,
Year of publication 1999.
300 ## - PHYSICAL DESCRIPTION
Number of Pages ix, 218 p. :
Other physical details ill.
490 1# - SERIES STATEMENT
Series statement Studies in mathematics education series ;
650 #0 - SUBJECT ADDED ENTRY--TOPICAL TERM
Topical Term Mathematics teachers
Topical Term Mathematics
700 1# - ADDED ENTRY--PERSONAL NAME
Personal name Jaworski, Barbara.
Personal name Wood, Terry Lee,
Personal name Dawson, Sandy.
856 40 - ELECTRONIC LOCATION AND ACCESS
Uniform Resource Identifier http://site.ebrary.com/lib/rucke/Doc?id=10094934

No items available.

© 2026 Rongo University
Contact us: librarian | system librarian | Rongo university